000 00572nam a22001817a 4500
005 20240626165516.0
010 _aENG-140721
020 _a9789391490720
_c1680.00
035 _aEN-124253
037 _bDBAD
082 _a355.033551
100 _aSehgal Vivek
_967813
245 0 0 _aPLA Modernisation and Force Restructuring/
_cby Vivek Sehgal
260 _aNew Delhi
_bKW Publishers
_c2023
270 _a4676/21, First Floor, Ansari Road, Daryaganj,
_bNew Delhi
_e110002
300 _axi,296p.
_c24cm(Hb)
_bill.
942 _2ddc
_cEN
_h355.033551
_mSEH
999 _c203760
_d203760